Shiksha Patra (Record no. 1369701)

MARC details
000 -LEADER
fixed length control field 00572nam a2200253Ia 4500
008 - FIXED-LENGTH DATA ELEMENTS--GENERAL INFORMATION
fixed length control field 160321s9999||||xx |||||||||||||| ||und||
040 ## - CATALOGING SOURCE
Transcribing agency Hindi
082 ## - DEWEY DECIMAL CLASSIFICATION NUMBER
Classification number XI.C Goendka
082 ## - DEWEY DECIMAL CLASSIFICATION NUMBER
Item number BORI-76360
100 ## - MAIN ENTRY--PERSONAL NAME
Personal name Jaydayal Goenka
245 ## - TITLE STATEMENT
Title Shiksha Patra
300 ## - PHYSICAL DESCRIPTION
Extent 234
300 ## - PHYSICAL DESCRIPTION
Dimensions A
300 ## - PHYSICAL DESCRIPTION
Accompanying material Paperback
530 ## - ADDITIONAL PHYSICAL FORM AVAILABLE NOTE
Uniform Resource Identifier <a href="00056766.pdf">00056766.pdf</a>
563 ## - BINDING INFORMATION
Binding note Study
600 ## - SUBJECT ADDED ENTRY--PERSONAL NAME
Personal name Jaydayal Goenka
630 ## - SUBJECT ADDED ENTRY--UNIFORM TITLE
Uniform title Shiksha Patra
650 ## - SUBJECT ADDED ENTRY--TOPICAL TERM
Topical term or geographic name as entry element General Indology
650 ## - SUBJECT ADDED ENTRY--TOPICAL TERM
Topical term or geographic name as entry element Philosophy
700 ## - ADDED ENTRY--PERSONAL NAME
Personal name Jaydayal Goenka
730 ## - ADDED ENTRY--UNIFORM TITLE
Uniform title Shiksha Patra
942 ## - ADDED ENTRY ELEMENTS (KOHA)
Koha item type Book
Holdings
Withdrawn status Lost status Damaged status Not for loan Home library Current library Date acquired Cost, normal purchase price Total Checkouts Full call number Barcode Date last seen Cost, replacement price Price effective from Koha item type
        Bhandarkar Oriental Research Institute, Pune Bhandarkar Oriental Research Institute, Pune   0.00   BORI-76360 BORI-76360 03/21/2016 0.00 03/21/2016 Book